000 00706nam a2200241Ia 4500
003 OSt
005 20220928114139.0
006 a|||||r|||| 00| 0
007 ta
008 220927b |||||||| |||| 00| 0 eng d
024 _a82823
037 _cTextual
040 _aSDCL
_cSDCL
_beng
041 _2eng
_aeng
082 _aX9.2'P, P7
100 _aSarngadharan M Ed.
_9437160
245 0 _aTraditional industries of India in the globalised world
260 _aNew Delhi
_bNew Century Publications
_c2007
300 _aviii,276p
_ccm.
700 _a Kumar S Rajitha Ed.
_9437161
942 _hX9.2'P, P7
_cTEXL
_2CC
999 _c753137
_d753137